| 000 | 00930cam a2200229 4500 | ||
|---|---|---|---|
| 001 | WB3718-28 | ||
| 008 | 000000n2001 000 0 eng u | ||
| 035 | _a(Sirsi) u112543 | ||
| 245 | _aSales of land | ||
| 260 | _c2001 | ||
| 490 |
_aFarmers' Weekly _v134(18) 4 May 2001, 94 |
||
| 490 |
_aFarmers Guardian _v 4 May 2001, 37(3) |
||
| 520 | _aTwo articles present differing views on the state of the land market since the outbreak of foot and mouth. FPD Savills believes confidence is returning to the land market with agents showing farms that have been on hold since the crisis began. Whilst the view from a selection of land agents around the country, seems to be that land sales in livestock areas are very quiet. | ||
| 590 | _aWB | ||
| 650 | _aFOOT-AND-MOUTH DISEASE | ||
| 650 | _aFPD SAVILLS | ||
| 650 | _aLAND SALES | ||
| 650 | _aFARMLAND | ||
| 650 | _aFARMLAND MARKET | ||
| 690 | _aRURAL-MARKET | ||
| 942 | _n0 | ||
| 999 |
_c66981 _d66981 |
||